Представление документа в формате RUSMARC

ПолеНазваниеЗначение
  Тип записи i
  Библиографический уровень m
001 Контрольный номер 9577dc7c0cb5460e88ada388e9813dec
005 Дата корректировки 20201206205202.8
010 Индекс ISBN __
a ISBN (В кор.)
d Цена 452-00
100 Данные общей обработки __
a Данные общей обработки 19161226d2007||||||| 0rusy0189 ca
101 Язык документа 1_
a Язык текста rus
c Язык оригинала eng
102 Страна публикации __
a Страна публикации RU|
102 Страна публикации __
a Страна публикации RU
105 Кодированные данные (монография) __
a Кодированные данные (монография) nn|||||||f|zy
127 Кодированные данные (звукозаписи-физические характеристики) __
a Продолжительность проигрывания 074300
200 Заглавие и сведения об ответственности 1_
a Заглавие Прощай оружие
f Первые сведения об ответственности Эрнест Хемингуэй ; перевод на русский язык Е. Калашникова ; исполняет Сергей Чонишвили ; продюсер Владимир Воробьев
b Общее обозначение материала Звукозапись
210 Выходные данные __
a Место издания Москва
c Издательство Союз
d Дата издания 2007
215 Физическое описание __
a Объем 1 электрон. опт. диск (CD-DA)
c Иллюстрации/тип воспроизводства mp3
d Формат 12 см
225 Серия __
a Серия Аудиокнига
230 Специфическая характеристика материала: электронные ресурсы __
a Обозначение и объем ресурса Электронные звуковые данные
300 Общие примечания __
a Общие примечания Заглавие с этикетки диска
300 Общие примечания __
a Общие примечания A farewell to arms
330 Аннотация __
a Аннотация Рассказ о трагической любви американского офицера и английской медсестры. Они познакомились на фронте, в Италии и влюбились друг в друга с первого взгляда. Но, к сожалению, у их любви нет будущего...
333 Примечание о целевом назначении __
a Примечание о целевом назначении 16+. Для детей старше 16 лет
606 Тематические рубрики __
a Основная рубрика Художественная литература
606 Тематические рубрики __
a Основная рубрика Литература Америки (произведения)
y Географическая подрубрика США
610 Ключевые слова __
a Ключевые слова американская литература
610 Ключевые слова __
a Ключевые слова классическая литература
610 Ключевые слова __
a Ключевые слова Первая мировая война
610 Ключевые слова __
a Ключевые слова проза
610 Ключевые слова __
a Ключевые слова романы
610 Ключевые слова __
a Ключевые слова тема войны
610 Ключевые слова __
a Ключевые слова тема любви
610 Ключевые слова __
a Ключевые слова тема Первой мировой войны
686 Индексы других классификаций __
2 Код системы rubbks
a Классификационный индекс 84(7Сое)6-4я04
700 Автор _1
a Фамилия Хемингуэй
b Имя Э.
f Даты 1899-1961
g Полное личное имя Эрнест
4 Код отношения 070
702 Вторичная интеллектуальная ответственность _1
a Фамилия Калашникова
b Имя Е. Д.
4 Код отношения Переводчик
f Даты 1906-1976
g Полное личное имя Евгения Давыдовна
4 Код отношения 730
702 Вторичная интеллектуальная ответственность _1
a Фамилия Воробьев
b Имя В.
4 Код отношения Продюсер
g Полное личное имя Владимир
4 Код отношения 570
702 Вторичная интеллектуальная ответственность _1
a Фамилия Чонишвили
b Имя С. Н.
4 Код отношения Прочие
f Даты 1965-
g Полное личное имя Сергей Ножериевич
4 Код отношения 570
801 Источник записи _0
a Страна RU
b Организация Муниципальное бюджетное учреждение культуры "Централизованная библиотечная система" г. Сургут (Центральная городская библиотека им. А. С. Пушкина)
c Дата составления 20161226
g Правила каталогизации PSBO
801 Источник записи _1
a Страна RU
b Организация Муниципальное бюджетное учреждение культуры "Централизованная библиотечная система" г. Сургут (Центральная городская библиотека им. А. С. Пушкина)
c Дата составления 20161226
g Правила каталогизации PSBO
852 Данные о местонахождении __
j Шифр хранения 84(7Сое)6-4я04
i Авторский знак Х 37
901 Тип документа __
t Тип документа 0
a Ответственный КиК/Мамарузиева
903 Характеристики (МАРС) __
a Дата передачи 20190517
969 Тип издания __
a Тип издания аудиокнига
a Тип издания издание для слепых
990 Данные о заказе (DOS) __
j Количество экземпляров (DOS) 1
t N записи в КСУ для И/У (DOS) 201906